=LDR 00000nam 2200000 4500 =001 INLIS000000000004304 =005 20241030011656 =035 ##$$a 0010-0222000915 =245 1#$$a AUTOCAD 2015 : $b Seri Buku 3 Dimensi Super Cepat dan Ringkas Menggambar Objek 3 Dimensi Dari Dasar (Basic) Sampai Mahir /$c Mhd Daud Pinem =100 1#$$a PINEM, Mhd Daud =250 ##$$a Cet. 1, Desember =300 ##$$a vi, 172 halaman : $b gambar ; $c 15x21,5 cm =856 ##$$a OPAC (Rak Tandon - Rak 1.4) =260 ##$$a Bandung :$b Wahana Ilmu Kita,$c 2014 =082 ##$$a 006.693 =084 ##$$a 006.693 PIN a =020 ##$$a 978-602-71725-2-4 =650 #4$$a Komputer Grafis Tiga Dimensi =650 #4$$a Sumbangan Mahasiswa 2018 =500 ##$$a Buku ini berisi teori dasar 3 dimensi super lengkap dimana setiap babnya setelah disertai dengan teori dasar dan diberikan pula gambar latihan yang disertai dengan pembahasan berupa langkah menggambar yang super cepat. Setelah itu diberikan pula gambar latihan mandiri untuk melihat kemampuan pembaca dalam menguasai semua perintah-perintah yang ada di materi 3 dimensi. Materi yang ada di buku ini adalah tentang penguasaan UCS, perintah dasar menggambar objek 3D, mengedit objek 3D, menampilkan objek 3D realistik, mencetak objek 3D dan template. Diberikan juga gambar-gambar latihan objek 3 dimensi dilengkapi dengan langkah menggambar yang super cepat. =008 241030################g##########0#ind## =990 ##$$a 287/SM-18